Introducción a la psicología experimental / (Record no. 28795)

MARC details
000 -LEADER
campo de control de longitud fija 00749nam a2200217 i 4500
001 - NÚMERO DE CONTROL
campo de control 28795
003 - IDENTIFICADOR DE NÚMERO DE CONTROL
campo de control ES-MaACL
005 - FECHA Y HORA DE LA ÚLTIMA TRANSACCIÓN
campo de control 20250822032222.0
007 - CAMPO FIJO DE DESCRIPCIÓN FÍSICA--INFORMACIÓN GENERAL
campo de control de longitud fija t|
008 - DATOS DE LONGITUD FIJA--INFORMACIÓN GENERAL
campo de control de longitud fija 030120s1943 sp ||||1| spa d
100 1# - ENTRADA PRINCIPAL--NOMBRE DE PERSONA
Nombre de persona Barbado, Manuel.
9 (RLIN) 25375
245 10 - MENCIÓN DEL TÍTULO
Título Introducción a la psicología experimental /
Mención de responsabilidad, etc. por Manuel Barbado.
250 ## - MENCION DE EDICION
Mención de edición 2ª ed. aum.
260 ## - PUBLICACIÓN, DISTRIBUCIÓN, ETC.
Lugar de publicación, distribución, etc. Madrid :
Nombre del editor, distribuidor, etc. [s.n.],
Fecha de publicación, distribución, etc. 1943 (
Fabricante Bolaños y Aguilar)
300 ## - DESCRIPCIÓN FÍSICA
Extensión 675 p. ;
Dimensiones 25 cm.
490 1# - MENCIÓN DE SERIE
Mención de serie Publicaciones del Consejo Superior de Investigaciones Científicas
650 07 - PUNTO DE ACCESO ADICIONAL DE MATERIA--TÉRMINO DE MATERIA
Término de materia o nombre geográfico como elemento de entrada Psicología experimental
Fuente del encabezamiento o término embne
9 (RLIN) 16564
830 0# - PUNTO DE ACCESO ADICIONAL DE SERIE-TÍTULO UNIFORME
Título uniforme Publicaciones del Consejo Superior de Investigaciones Científicas
9 (RLIN) 229281
852 ## - LOCALIZACIÓN
Ubicación ES-MaACL
Número de control de estantería A-2468
Sublocalización o colección R.20242
Holdings
Estatus retirado Estado de pérdida Estado de daño No para préstamo Biblioteca de origen Biblioteca actual Ubicación en estantería Fecha de adquisición Fuente de adquisición Total de préstamos Signatura topográfica completa Código de barras Visto por última vez Precio de reemplazo Tipo de ítem Koha
        Biblioteca del Ateneo de Madrid Biblioteca del Ateneo de Madrid Sala Pecera Planta 1 17/01/2008     A-2468 1029728 23/02/2023 23/02/2023 Libro impreso